| 000 | 00572nam a2200181 a 4500 | ||
|---|---|---|---|
| 005 | 20140412111231.0 | ||
| 008 | 001110s19uu xx 00 eng d | ||
| 020 | _a0-395-42475-5 | ||
| 050 |
_aTR(PS E _bCu-Go 1986 |
||
| 245 |
_aCurious George goes to a costume party / _cedited by Margaret Rey and Alan J. Shalleck. |
||
| 260 |
_aBoston : _bHoughton Mifflin, _c1986. |
||
| 300 | _a32 p. ; ill. | ||
| 440 | _aCurios George Series | ||
| 500 | _aAdapted from the Curious George film series | ||
| 650 | _aParties--Fictin | ||
| 650 | _aMonkeys--Fiction | ||
| 999 |
_c102176 _d102176 |
||